Royal Portraits
Gorde:
| Egile nagusia: | |
|---|---|
| Formatua: | Liburua |
| Hizkuntza: | ingelesa |
| Argitaratua: |
Londres
Faber and Faber
1950
|
| Saila: | <The>Faber gallery
|
| Gaiak: | |
| Etiketak: |
Etiketa erantsi
Etiketarik gabe, Izan zaitez lehena erregistro honi etiketa jartzen!
|
MARC
| LEADER | 00000nam a2200000 a 4500 | ||
|---|---|---|---|
| 001 | UCZ7883 | ||
| 003 | CL-VaPUC | ||
| 008 | 960112e19500000UK |||||||||||||||||eng|d | ||
| 082 | 0 | 4 | |a 759.03 |b WIL |2 21 |
| 100 | 0 | |a Wilenski, R. H |e author |9 352886 | |
| 245 | 1 | 0 | |a Royal Portraits |
| 300 | |a 24 p | ||
| 942 | |c BK | ||
| 945 | |d 19960112 00:00:00 |a mcarcey | ||
| 260 | |a Londres |b Faber and Faber |c 1950 | ||
| 600 | 0 | 7 | |a VAN DYCK, ANTHONY |2 CL-VaPUC |9 341195 |
| 600 | 0 | 7 | |a VELAZQUEZ, DIEGO DE |2 CL-VaPUC |9 269210 |
| 600 | 0 | 7 | |a HOLBEIN, HANS |2 CL-VaPUC |9 347291 |
| 650 | 0 | |a Renacimiento |9 255107 | |
| 650 | 7 | |a GALERIAS DE ARTE |2 CL-VaPUC |9 352887 | |
| 650 | 0 | |a Museos |9 269209 | |
| 650 | 0 | |a Pintura francesa |9 266122 | |
| 650 | 0 | |a Pintores franceses |9 340354 | |
| 650 | 7 | |a PINTURA INGLESA |2 CL-VaPUC |9 333455 | |
| 650 | 7 | |a PINTORES INGLESES |2 CL-VaPUC |9 342329 | |
| 650 | 0 | |a Pintura española |9 315217 | |
| 583 | |a last modification |c 19960112 00:00:00 |k Rodrigo Vera | ||
| 490 | 0 | |a <The>Faber gallery | |
| 999 | |c 243872 |d 243870 | ||
| 952 | |0 0 |1 0 |4 0 |6 759_030000000000000_WIL_1950 |7 0 |8 A |9 257707 |a BIBART |b BIBART |d 2019-11-19 |i 3143341 |o 759.03 WIL 1950 |p 3143341 |r 2025-03-13 |w 2019-11-19 |y BK |k ART | ||